000 01098cam a2200301 a 4500
001 3570388
003 OSt
005 20191223111637.0
008 980908s1999 ohua 000 0 eng
010 _a 98193236
020 _a0538891483 (manual)
020 _a0324004575 (package)
040 _aDLC
_cDLC
_dDLC
050 0 0 _aHF5415.2
_b.J37 1999
082 0 0 _a658.83 / J28
_221
100 1 _aJarboe, Glen R.
_92706
245 1 4 _aThe marketing research project manual /
_cGlen R. Jarboe.
250 _a4th ed.
260 _aCincinnati :
_bSouth-Western College Pub.,
_cc1999.
300 _a235 p. :
_bill. ;
_c28 cm. +
_e1 computer disk (3 1/2 in.)
650 0 _aMarketing research
_xMethodology
_xHandbooks, manuals, etc.
_92707
650 0 _aMarket surveys
_xMethodology
_xHandbooks, manuals, etc.
_92708
856 7 _3Table of contents
_uhttp://lcweb.loc.gov/catdir/toc/98-193236.html
_2http
906 _a7
_bcbc
_corignew
_d2
_encip
_f19
_gy-gencatlg
942 _2ddc
_cBK
999 _c6199
_d6199